000
00321nam a2200133Ia 4500
005
20251222144708.0
008
251222s9999||||xx |||||||||||||| ||spa||
020
_a
978-84-7841-061-3
082
_a
610.73/R93
100
_a
Ruiz, Xavier
245
0
_a
Manual de la EnfermerÃa
264
_b
Editorial Oceano
942
_c
LIB
999
_c
17706
_d
17706